Методика определения распределения диаметров пор в тонких металлических плёнках; Приборы и техника эксперимента; № 1

Bibliografiske detaljer
Parent link:Приборы и техника эксперимента/ Российская академия наук.— , 1956-.— 0032-8162
№ 1.— 2003.— с. 140-143
Hovedforfatter: Четвериков Н. И.
Andre forfattere: Четверикова И. Ф.
Sprog:russisk
Udgivet: 2003
Serier:Лабораторная техника
Fag:
Format: MixedMaterials Book Chapter
KOHA link:https://koha.lib.tpu.ru/cgi-bin/koha/opac-detail.pl?biblionumber=427127

MARC

LEADER 00000naa2a2200000 4500
001 427127
005 20231101074625.0
035 |a (RuTPU)RU\TPU\prd\86251 
035 |a RU\TPU\prd\11759 
090 |a 427127 
100 |a 20100903a2003 k y0rusy50 ca 
101 0 |a rus 
102 |a RU 
200 1 |a Методика определения распределения диаметров пор в тонких металлических плёнках  |f Н. И. Четвериков, И. Ф. Четверикова 
225 1 |a Лабораторная техника 
320 |a Библиогр.: 4 назв. 
461 1 |0 (RuTPU)RU\TPU\prd\300  |x 0032-8162  |t Приборы и техника эксперимента  |f Российская академия наук  |d 1956- 
463 1 |0 (RuTPU)RU\TPU\prd\86220  |t № 1  |v с. 140-143  |d 2003 
610 1 |a металлические плёнки 
610 1 |a тонкие плёнки 
610 1 |a методики определения 
610 1 |a метод химического осаждения 
700 1 |a Четвериков  |b Н. И. 
701 1 |a Четверикова  |b И. Ф. 
801 1 |a RU  |b 63413507  |c 20030321  |g PSBO 
801 2 |a RU  |b 63413507  |c 20100903  |g RCR 
942 |c BK